00825nam a2200205 a 450000100100000000500170001000800410002704000250006808200150009310000230010824501450013126000520027630000340032850400320036270000280039470000270042270000400044995201130048999900170060200004633120241030114426.0150723s2012 dr a 000 0 spa d aDO-SdBNPbspacBNPHU axxxxbxxxx1 aDuarte, Isis9212310aMujer dominicana en cifras /cIsis Duarte, investigadoras adjuntas, Julia Hasbún y Maritza García ; presentación Alejandrina Germán. aSanto Domingo :bMinisterio de la Mujer,c2012. axxvi, 319 p. :bil. ;c27 cm. aBibliografía : p. 313-31912aGarcía, Maritza9298712aHasbún, Julia93580612aGermán, Alejandrina,epre.912096 0010718PDaPDbPDcCTd2015-07-23iLF1l0oxxxx xxxxp46331-10r2020-06-25w2020-06-25yLFPDZNo se presta c45820d45820